Responses for show #6935 - Friday, November 7, 2014

Contestants

[<< previous game]

Jennifer Healy, a training system manager from Hilliard, Ohio

Cyle Anderson, a school service assistant from Detroit, Michigan

Charles Brower, a senior managing editor from Durham, North Carolina (whose 1-day cash winnings total $20,400)

[next game >>]

Jeopardy! Round responses

GEOGRAPHY BY THE BOOK
ANNUAL EVENTS
THANKS FOR THE KIND WORDS
WHAT DO YOU MEASURE?
A TOP 10 HIT TWICE
THE REAGAN LIBRARY
(Kelly: A few pieces of the world the 40th president lived in and changed.)
    $200 6
Africa

Cyle
    $200 11
Braille

Charles
    $200 22
tender

Charles
    $200 13
angles

Charles
    $200 1
John Williams

Jennifer
    $200 21
(Margaret) Thatcher

Charles
    $400 7
Brooklyn

Charles
    $400 12
square dance

Cyle
    $400 23
civil

Triple Stumper
    $400 16
X-rays

Jennifer
    $400 2
David Lee Roth

Jennifer
    $400 27
the nuclear football

Charles
    $600 8
India

Jennifer
    $600 14
lame duck

Charles
    $600 24
amicable

Cyle
    $600 17
(Cyle: What is... breath?)
(Alex: Mmmm...)
(Cyle: [*] capacity. What is [*] capacity?)

the lungs

Cyle
    $600 3
(Charles: Who are the [*]?)

Pet Shop Boys

Charles
    $600 28
verify

Charles
    $800 9
Pittsburgh

Charles
    $800 15
Mary Shelley

Cyle
    $800 25
(Cyle: What is fair?)

clement

CyleJennifer
    $800 18
the wind

Cyle
    $800 4
(Jennifer: Who is En Vogue?)

Destiny's Child

Jennifer
Triple Stumper
    $800 29
G7

Cyle
    $1000 10
Panama

Charles
    $1000 20
(Alex: That's right. 3/14.)

March 14th

Jennifer
    $1000 26
(Charles: What is benevolent?)
...
(Alex: And we have less than a minute to go.)

humane

CharlesCyle
    $1000 19
rain

Cyle
    $1000 5
(Charles: Who is Chaka Khan?)
(Cyle: Who is Lady Gaga?)

Christina Aguilera

CharlesCyle
Triple Stumper
    $200 30
Libya

Cyle

Scores at the first commercial break (after clue 15):

Charles Cyle Jennifer
$2,800 $400 $400

Scores at the end of the Jeopardy! Round:

Charles Cyle Jennifer
$3,200 $4,600 $2,600

Double Jeopardy! Round responses

A GAMBOL THROUGH THE GAMBIA
IT'S ALL IN YOUR HEAD
4-LETTER TV SHOW TITLES
AGES & ERAS
WINE GRAPES
3 "D"
(Alex: The "D" in quotation marks. There will be 3 of them in each correct response.)
    $400 22
the slave trade

Charles
    $400 1
palate

Jennifer
    $400 4
Glee

Jennifer
    $400 3
an ice age

Charles
    $400 21
(Alex: Yes, with a minute to go.)

pinot

Cyle
    $400 14
cold-blooded

Charles
    $800 27
[The end-of-round signal sounds.]

Islam

Charles
    $800 2
a hammer

Cyle
    $800 5
Taxi

Charles
    $800 11
the Jazz Age

Charles
    $800 23
(Jennifer: What is White Zinfandel?)

Sauvignon blanc

Jennifer
Triple Stumper
    $800 15
a designated driver

Jennifer
    $1200 9
the canines

Jennifer
    $1200 6
Cops

Charles
    $1200 12
the Progressive Era

Charles
    $1200 24
sirah

Jennifer
    $1200 16
(Kyle: What is... appendage?)

an addendum

CyleJennifer
    $1600 10
the cerebellum

Cyle
    $1600 7
Nova

Charles
    $1600 13
the Mesozoic era

Charles
    $1600 25
Zinfandel

Jennifer
    $1600 17
dilapidated

Triple Stumper
    $2,000 19
(Charles: Uh, I don't know--the brachial.)

the Eustachian tube

Charles
    $2000 8
(Cyle: What is CHiPS?)

S.W.A.T.

CharlesCyle
    $2,000 20
(Charles: What are the gold, silver, and bronze ages?)

the Stone Age, the Bronze Age & the Iron Age

Charles
    $2000 26
Riesling

Triple Stumper
    $2000 18
(Paulette) Goddard

Charles

Scores at the end of the Double Jeopardy! Round:

Charles Cyle Jennifer
$12,400 $4,200 $8,600

[wagering suggestions for these scores]

Final Jeopardy! Round responses

SPORTS LOGOS
(Alex: [To Jennifer] Which is the logo for [*]. We would've accepted either response.)
CyleWhat is the Arrg!
$3,000
JenniferWhat is the Fleur de Lis?
$8,401
CharlesWhat is the vine?
$4,900
the New Orleans Saints (the Fleur de Lis)

Final scores:

Charles Cyle Jennifer
$7,500 $1,200 $17,001
2nd place: $2,000 3rd place: $1,000 New champion: $17,001

Game dynamics:

Coryat scores:

Charles Cyle Jennifer
$16,400 $5,000 $8,600
23 R,
4 W
(including 2 DDs)
13 R
(including 1 DD),
4 W
13 R,
2 W

Combined Coryat: $30,000

The J! Archive is created by fans, for fans. The Jeopardy! game show and all elements thereof, including but not limited to copyright and trademark thereto, are the property of Jeopardy Productions, Inc. and are protected under law. This website is not affiliated with, sponsored by, or operated by Jeopardy Productions, Inc. Join the discussion at JBoard.tv.